1248 1419 1731 1276 1019 1747 1310 1705 1710 1411 1491 1376 1220 1808 1736 1291 1338 1468 1919 1427 1557 1789 1067 1326 1416 1545 1802 1127 1988 1860 1118 1709 1862 1526 1921 1718 1127 1344 1001 1972 1408 1325 1439 1231 1388 1151 1241 1963 1036 1884 1442 1435 1108 1764 1450 1527 1253 1068 1305 1119 1390 1199 1129 1735 1651 1123 1219 1662 1337 1438 1161 1646 1818 1106 1013 1815 1495 1034 1175 1791 1386 1919 1471 1933 1005 1596 1336 1581 1957 1275 1913 1372 1105 1032 1175 1106 1737 1166 1606 BCNSPRNW ULIB Ver.6.0+V

เปลี่ยนเป็นภาษาไทย

Change to English
 แสดงรายละเอียดบรรณานุกรม
  กลับหน้าหลัก

Brief Record : Get Marc (ISO 2709) : E-mail record : QR code < ปิดหน้าต่าง
LEADER : 00000nam 2200000uu 4500
001    13399115005
003     ULIB
008    120628s2541||||th 000 0 tha d
020    9746610716
060  4 WY100^bก211
100 0  ฟาริดา อิบราฮิม
245 00 กระบวนการพยาบาล^bบรรณาธิการโดยฟาริดา อิบราฮิม
260    นครปฐม:^bโครงการพัฒนาตำราสาขาพยาบาลศาสตร์ คณะพยาบาลศาสตร มหาวิทยาลัยมหิดล,^c2541
945    ^p0^l0^i011419
999 ^a ทศพร
รายการนี้ยังไม่มีแท็ก
คุณยังไม่ได้ล็อกอิน คุณสามารถมีกิจกรรมร่วมกับเว็บไซต์ได้ แต่ต้องล็อกอินก่อน ::
  ล็อกอิน

รายการสื่อสารสนเทศ

ลำดับที่ ประเภท เลขเรียก/บาร์โค้ด สถานที่ สถานะ
- ไม่พบข้อมูล -

BibComment


ยังไม่เคยถูกคอมเมนท์

คอมเมนท์ทรัพยากรรายการนี้
  คอมเมนท์: กระบวนการพยาบาล บ..


 Copyright 2026. Bcnsprnw @Library